Schweizer Hauptorte nach Einwohner - Statistiken

Allgemein
  • Dieses Quiz wurde 26 mal gespielt
  • Das Durchschnittsergebnis liegt bei 13 aus 26
Antwortstatistiken
Einwohner Kantonshauptort % Korrekt
436.551 Zürich
100%
209.061 Genf
85%
177.571 Basel
80%
137.995 Bern
75%
144.873 Lausanne
70%
86.234 Luzern
65%
78.863 St. Gallen
60%
22.710 Aarau
55%
45.309 Neuenburg
50%
27.099 Frauenfeld
45%
39.151 Freiburg
45%
37.154 Sitten
45%
10.459 Altdorf
40%
6.096 Appenzell
40%
45.305 Bellinzona
40%
39.486 Chur
40%
10.862 Sarnen
40%
38.964 Schaffhausen
40%
16.847 Solothurn
40%
32.122 Zug
40%
15.943 Herisau
35%
16.034 Liestal
35%
16.446 Schwyz
35%
8.508 Stans
35%
12.813 Delsberg
30%
12.886 Glarus
20%
Keine übereinstimmenden Quizze gefunden
Verteilung der Resultate
Anzahl Personen mit jedem Resultat
Perzentil nach korrekt beantworteten Fragen
Ihre Resultats-Entwicklung
Sie haben dieses Quiz noch nicht gespielt